| 000 | 03639nam a2200349 4500 | ||
|---|---|---|---|
| 001 | 114582 | ||
| 003 | DR-UNIBE | ||
| 005 | 20260415153322.0 | ||
| 008 | 260415b2026 dr ||||| |||| 00| 0 spa d | ||
| 020 | _a9789945941982 (impreso) | ||
| 020 | _a9789945941999 (electrónico) | ||
| 040 |
_aBIBLIOTECA UNIBE _bspa _cBIBLIOTECA UNIBE |
||
| 041 | _aspa | ||
| 082 |
_222 _aRD 628.162 I59p 2026 |
||
| 110 | 2 |
_aInstituto Geográfico Nacional José Joaquín Hungría Morell (IGN-JJHM). _bDepartamento de Investigación _eautor _9204196 |
|
| 245 | 1 | 0 |
_aPresión humana sobre los humedales de San Antonio de Guerra en la República Dominicana : _bprimera aproximación / _cInstituto Geográfico Nacional José Joaquín Hungría Morell |
| 260 |
_aSanto Domingo : _bInstituto Panamericano de Geografía e Historia (IPGH), _c2026 |
||
| 300 |
_a150 páginas : _bilustraciones en color, gráficos, tablas, mapas ; _c30 cm |
||
| 504 | _aIncluye referencias bibliográficas (páginas: 131-136) e índice | ||
| 505 | 0 | _aListado de siglas | Agradecimientos | Presentación | Prólogo | Planteamiento del problema | Introducción | Capítulo I. Aspectos metodológicos | Capítulo II. Humedales: perspectiva general | Capítulo III. Contexto normativo de los humedales y recursos hídricos | Capítulo IV. Descripción del área de estudio | Capítulo V. Contexto socioeconómico del territorio San Antonio de Guerra | Capítulo VI. Caracterización geográfica | Capítulo VII. Caracterización climática | Capítulo VIII. Vulnerabilidad climática | Capítulo IX. Geografía de la población: evolución de los asentamientos humanos | Capítulo X. Humedales de San Antonio de Guerra | Capítulo XI. Primer nivel de estudio: análisis de las lagunas de San Antonio de Guerra | Capítulo XII. Segundo nivel de estudio: humedales localizados y analizados desde el punto de vista de la calidad del agua | Capítulo XIII. Tercer nivel de estudio: sistemas de humedales analizados integralmente | Conclusiones | Recomendaciones | Glosario de términos | Referencias bibliográficas | Anexos | |
| 520 | 3 | _aEsta investigación, Presión humana sobre los humedales de San Antonio de Guerra en la República Dominicana. Primera aproximación, es una obra que analiza un tema neurálgico para la vida de los habitantes del municipio Santo Domingo Este, ya que el suministro de agua potable al acueducto de este municipio depende, en gran medida, del agua subterránea del municipio de Guerra, que cuenta con más de doscientas lagunas que emergen de las aguas subterráneas que vienen de Los Haitises, así como también del río Brujuelas, entre otros aportes acuíferos. Los objetivos de este estudio se enmarcan en la situación actual de los humedales de agua dulce del municipio, con la finalidad de indagar en un modelo replicable de adquisición de sustento cognoscitivo para la acción consciente e informada, orientada a la defensa y conservación de estos importantes ecosistemas. | |
| 650 | 7 |
_2lemb _aHumedales _zSan Antonio de Guerra (República Dominicana : Municipio) _9204203 |
|
| 650 | 7 |
_2lemb _aConservación de humedales _zSan Antonio de Guerra (República Dominicana : Municipio) _9204204 |
|
| 650 | 7 |
_2lemb _aPurificación de aguas residuales _931462 |
|
| 650 | 7 |
_2lemb _aTratamiento terrestre de aguas residuales _9204205 |
|
| 650 | 7 |
_2lemb _aRecursos acuáticos |
|
| 650 | 7 |
_2lemb _aEcosistemas acuáticos _990485 |
|
| 650 | 7 |
_2lemb _aConservación de los recursos naturales |
|
| 700 | 1 |
_aTroncoso Morales, Bolívar, _d1950- _epresentación _9204190 |
|
| 700 | 1 |
_aCorrea, Cenia _eprologuista _9204191 |
|
| 942 |
_2ddc _cBK |
||
| 999 |
_c114582 _d114582 |
||